Famous Peters - Statistics

General Stats
  • This quiz has been taken 40 times
  • The average score is 8 of 16
Answer Stats
Picture Answer % Correct
Peter Pan
100%
Pete Sampras
69%
Peter O'Toole
66%
Peter Sellers
66%
Peter Dinklage
63%
Peter Griffin
63%
Peter Falk
59%
Peter Jackson
59%
Pete Davidson
53%
Peter Venkman
44%
Peter Fonda
41%
Pete Seeger
38%
Pete Postlethwaite
34%
Peter Pettigrew
25%
Peter Stormare
25%
Peter Bogdanovich
19%
No matching quizzes found
Score Distribution
Percent of People with Each Score
Percentile by Number Answered
Your Score History
You have not taken this quiz